000 00735cam a2200253 4500
001 a4553970
003 CO-ViMGA
005 20230915224410.0
008 090623s2009 sp | |||| 000 f spa
020 _a9788498721423
040 _aCO-ViMGA
_bspa
_cCO-ViMGA
041 1 _hfre
082 _a843.91
_bD786lv
100 1 _aDruon, Maurice
_d1918-2009
_92397
240 1 3 _aLa loi des males
_lEspañol
245 1 3 _aLa ley de los varones
_h[Texto impreso]
_cMaurice Druon ; [traducción, Maria Guadalupe Orozco Bravo]
250 _a1a. ed.
260 _aBarcelona
_bZeta
_c2009
300 _a328 p.
_c20 cm
490 1 _aLos reyes malditos
_v4
490 1 _aZeta histórica
_v92
650 1 4 _aNovela francesa
_92398
942 _2ddc
_cBK
999 _c11700
_d11700